| 000 | 01078nam a2200253Ia 4500 | ||
|---|---|---|---|
| 003 | GCL | ||
| 008 | 140319s9999 xx 000 0 ara d | ||
| 040 |
_aGCL / _cGCL |
||
| 082 | 0 | 4 |
_a346.0048 _bع ح |
| 100 | 1 | _aعماد محمد سلامة | |
| 245 | 1 | 0 |
_aالحماية القانونية لبرامج الحاسب الالى ومشكلة قرصنة البرامج / _cعماد محمد سلامة |
| 250 | _aالاولى | ||
| 260 |
_aالاردن : _bدار وائل للنشر ، _c2005 |
||
| 300 |
_a247 ص ؛ _c24 سم |
||
| 650 | 0 | 4 | _aالحاسبات الالكترونية |
| 650 | 0 | 4 | _aالحاسبات الالكترونية - برامج |
| 650 | 0 | 4 | _aالإنترنت |
| 650 | 0 | 4 | _aالحاسبات الالكترونية - مدخلات |
| 650 | 0 | 4 | _aالحاسبات الالكترونية - مخرجات |
| 650 | 0 | 4 | _aالحاسبات الالكترونية - ادارة البرامج |
| 650 | 0 | 4 | _aالملكية الادبية والفنية |
| 650 | 0 | 4 | _aالحاسبات الالكترونية - قوانين وتشريعات |
| 942 |
_2ddc _cBK |
||
| 999 |
_c8411 _d8411 |
||